000 00876nam a2200253 a 4500
999 _c2395
_d2395
008 200318s2016 ii ad||g m|||a00| 0 eng d
040 _aKO
_beng
041 0 _aeng
044 _aii
082 0 4 _223
_a378.242
_bIRM1502
100 1 _aSingh, Ashutosh
_eResearcher
245 2 0 _aA Study on Operation Management of food Corporation of India with Special Reference to Regional Office Bhopal /
_cAshutosh Singh ; Guide Dr. M. Sekar
260 _aKochi :
_bIndian Maritime University,
_c2016
300 _a86 p. :
_bill., charts ;
_c29 cm.
490 0 _aMBA Internship 2015-17 ;
_v1505305002
502 _aInternship (MBA)–Indian Maritime University. School of Maritime Management, 2016.
650 0 _aManagement
650 0 _aFood
655 7 _2lcsh
_aDissertations, Academic
_y2016
700 1 _aSekar, M.
_cDr.
_eGuide
904 _aReshma_R
942 _cTH